| 000 | 00356nam a2200133Ia 4500 | ||
|---|---|---|---|
| 008 | 220217s9999||||xx |||||||||||||| ||und|| | ||
| 020 | _a81-312-0302-6 | ||
| 082 | _a005.13 REI | ||
| 100 | _aReid, Fiach | ||
| 245 | 0 | _aNetwork programming in .Net | |
| 260 |
_aElsevier digital press _bOxford _c2006 |
||
| 300 | _b395 | ||
| 650 | _aPROGRAMMING LANGUAGE | ||
| 999 |
_c174585 _d174585 |
||